[Event "Omegna op-B 2nd"]
[Site "Omegna"]
[Date "2014.08.08"]
[Round "1"]
[White "Buoniconti, Francesco"]
[Black "Nordio, Giorgio"]
[Result "0-1"]
[WhiteElo "1449"]
[BlackElo "1716"]
[PlyCount "112"]
[EventDate "2014.08.08"]
[EventType "swiss"]
[EventRounds "5"]
[EventCountry "ITA"]
[SourceTitle "EXT 2015"]
[Source "ChessBase"]
[SourceDate "2014.11.20"]
[SourceVersion "1"]
[SourceVersionDate "2014.11.20"]
[SourceQuality "1"]

1. d4 c6 2. Nf3 d5 3. e3 Bf5 4. Bd3 Bxd3 5. Qxd3 Nf6 6. Nbd2 e6 7. a3 Nbd7 8. b3 Be7 9. Bb2 Qc7 10. 0-0 0-0 11. Ne5 Rac8 12. f4 c5 13. Rac1 a6 14. c4 dxc4 15. bxc4 Rcd8 16. Rf3 Bd6 17. Rh3 Nxe5 18. fxe5 Bxe5 19. Qc2 cxd4 20. exd4 Bxd4+ 21. Bxd4 Rxd4 22. Rf1 Rf4 23. Rxf4 Qxf4 24. Rd3 Ng4 25. Nf3 Ne5 26. Nxe5 Qxe5 27. Qd1 Qc5+ 28. Kh1 Qxc4 29. Rd8 Qc5 30. Rd7 b5 31. Qa1 h6 32. h3 Qb6 33. Qf1 Qe3 34. Rd3 Qc5 35. Qe1 Rc8 36. Rd1 Qxa3 37. Ra1 Qc3 38. Qf1 Qc4 39. Qd1 b4 40. Kh2 b3 41. Qd7 Qc7+ 42. Qxc7 Rxc7 43. Rxa6 Rb7 44. Ra1 b2 45. Rb1 Kf8 46. Kg3 Ke7 47. Kf4 Rb4+ 48. Ke3 f5 49. Kd3 Kf6 50. Kc3 Rb7 51. Kd3 e5 52. Kc3 f4 53. Kc4 Kf5 54. Kd3 e4+ 55. Ke2 Rb3 56. Kf2 g5 0-1

[Event "Lugano New op-B 8th"]
[Site "Lugano"]
[Date "2014.04.19"]
[Round "3.5"]
[White "Buoniconti, Francesco"]
[Black "Brioschi, Camillo"]
[Result "0-1"]
[WhiteElo "1374"]
[BlackElo "1773"]
[PlyCount "78"]
[EventDate "2014.04.18"]
[EventType "swiss"]
[EventRounds "6"]
[EventCountry "SVI"]
[SourceTitle "EXT 2024"]
[Source "ChessBase"]
[SourceDate "2023.10.10"]
[SourceVersion "1"]
[SourceVersionDate "2023.10.10"]
[SourceQuality "1"]

1. d4 Nf6 2. Nf3 e6 3. e3 b6 4. Bd3 Bb7 5. Nbd2 d5 6. 0-0 Nbd7 7. c3 Bd6 8. Qe2 Ne4 9. Ne5 Nxe5 10. dxe5 Bxe5 11. Bxe4 dxe4 12. Rd1 Qf6 13. Nc4 0-0 14. Nxe5 Qxe5 15. Qc2 Rfd8 16. Rxd8+ Rxd8 17. b3 Ba6 18. Bb2 Bd3 19. Rd1 Qd5 20. Qc1 c5 21. c4 Qd6 22. Qc3 f6 23. a3 Rc8 24. Qd2 Rd8 25. Bc3 Kf7 26. b4 Ke7 27. bxc5 bxc5 28. g3 Bxc4 29. Qxd6+ Rxd6 30. Rxd6 Kxd6 31. Kg2 Be2 32. h4 Kd5 33. Kh3 Kc4 34. Ba5 h5 35. Bc7 Kb3 36. Bd6 c4 37. Bf8 c3 38. Bxg7 c2 39. Bxf6 c1Q 0-1